[Event "105th British-ch 2018"]
[Site "Hull"]
[Date "2018.08.02"]
[Round "6"]
[White "Eggleston, David J"]
[Black "Emms, John M"]
[Result "1-0"]
[WhiteElo "2397"]
[BlackElo "2488"]
[Annotator "ChessBase"]
[PlyCount "103"]
[EventDate "2018.07.28"]
[EventType "swiss"]
[EventCountry "GBR"]
[SourceTitle "playchess.com"]
[Source "ChessBase"]
[SourceQuality "1"]
[TimeControl "40/5400+30:1800+30"]

1. e4 {[%emt 0:01:14]} e5 {[%emt 0:00:00]} 2. Nf3 {[%emt 0:01:01]} Nc6 {[%emt 0:00:00]} 3. Bc4 {[%emt 0:01:27]} Bc5 {[%emt 0:00:00]} 4. c3 {[%emt 0:00:07]} Nf6 {[%emt 0:00:06]} 5. d3 {[%emt 0:00:05]} d6 {[%emt 0:00:21]} 6. a4 {[%emt 0:05:37]} a5 {[%emt 0:02:29]} 7. O-O {[%emt 0:03:25]} O-O {[%emt 0:00:58]} 8. Re1 {[%emt 0:00:52]} h6 {[%emt 0:05:08]} 9. h3 {[%emt 0:05:26]} Be6 {[%emt 0:10:23]} 10. Bxe6 {[%emt 0:03:48]} fxe6 {[%emt 0:00:10]} 11. d4 {[%emt 0:02:09]} Bb6 {[%emt 0:10:41]} 12. Be3 {[%emt 0:08:40]} d5 {[%emt 0:22:51]} 13. exd5 {[%emt 0:03:00]} Nxd5 {[%emt 0:09:08]} 14. Nbd2 {[%emt 0:01:22]} exd4 {[%emt 0:05:44]} 15. cxd4 {[%emt 0:00:13]} e5 {[%emt 0:04:48]} 16. Nc4 {[%emt 0:14:16]} Nxe3 {[%emt 0:03:07]} 17. fxe3 {[%emt 0:00:24]} exd4 {[%emt 0:00:17]} 18. Nxb6 {[%emt 0:00:31]} cxb6 {[%emt 0:00:06]} 19. exd4 {[%emt 0:05:34]} Qd5 {[%emt 0:00:52]} 20. Ra3 {[%emt 0:00:40]} Rad8 {[%emt 0:01:34]} 21. Rd3 {[%emt 0:05:58]} Rf4 {[%emt 0:02:32]} 22. Qd2 {[%emt 0:01:07]} Rdf8 {[%emt 0:01:38]} 23. Ree3 {[%emt 0:01:49]} Kh8 {[%emt 0:03:11]} 24. b3 {[%emt 0:01:18]} R4f6 {[%emt 0:03:44]} 25. Qe1 {[%emt 0:02:45]} Kg8 {[%emt 0:01:02]} 26. Kh1 {[%emt 0:04:18]} Rf4 {[%emt 0:00:32]} 27. Qg3 {[%emt 0:07:56]} Kh7 {[%emt 0:00:45]} 28. Re2 {[%emt 0:02:44]} R8f7 {[%emt 0:04:52]} 29. Re1 {[%emt 0:03:58]} R4f6 {[%emt 0:01:30]} 30. Re8 {[%emt 0:02:50]} Rf4 {[%emt 0:02:15]} 31. Ne5 {[%emt 0:03:06]} Nxe5 {[%emt 0:01:30]} 32. dxe5 {[%emt 0:00:26]} Qc5 {[%emt 0:00:24]} 33. Qe3 {[%emt 0:00:28]} Qxe3 {[%emt 0:01:54]} 34. Rxe3 {[%emt 0:00:05]} Rf8 {[%emt 0:00:11]} 35. Re6 {[%emt 0:00:19]} Rb4 {[%emt 0:00:23]} 36. Re7 {[%emt 0:00:34]} b5 {[%emt 0:00:20]} 37. axb5 {[%emt 0:04:27]} Rxb5 {[%emt 0:00:06]} 38. Rg3 {[%emt 0:01:18]} Rg8 {[%emt 0:00:12]} 39. Re3 {[%emt 0:01:16]} Rf8 {[%emt 0:01:04]} 40. e6 {[%emt 0:00:12]} Rff5 {[%emt 0:01:05]} 41. Rf7 {[%emt 0:30:59]} Rbe5 {[%emt 0:08:12]} 42. Rd3 {[%emt 0:00:00]} Rg5 {[%emt 0:01:58]} 43. Rd6 {[%emt 0:00:00]} Re1+ {[%emt 0:01:58]} 44. Kh2 {[%emt 0:00:00]} Re2 {[%emt 0:00:29]} 45. Kg1 {[%emt 0:00:00]} Rgxg2+ {[%emt 0:07:57]} 46. Kf1 {[%emt 0:00:00]} Ra2 {[%emt 0:05:36]} 47. Rdd7 {[%emt 0:00:00]} Rg6 {[%emt 0:04:07]} 48. e7 {[%emt 0:00:00]} Ra1+ {[%emt 0:03:17]} 49. Kf2 {[%emt 0:00:00]} Ra2+ {[%emt 0:01:30]} 50. Kf3 {[%emt 0:00:00]} Rgg2 {[%emt 0:00:14]} 51. Rxg7+ {[%emt 0:00:00]} Rxg7 {[%emt 0:00:09]} 52. e8=Q {[%emt 0:00:00]} 1-0

[Event "105th British-ch 2018"]
[Site "Hull"]
[Date "2018.08.02"]
[Round "6"]
[White "Zakarian, David"]
[Black "Arkell, Keith C"]
[Result "0-1"]
[WhiteElo "2354"]
[BlackElo "2406"]
[Annotator "ChessBase"]
[PlyCount "118"]
[EventDate "2018.07.28"]
[EventType "swiss"]
[EventCountry "GBR"]
[SourceTitle "playchess.com"]
[Source "ChessBase"]
[SourceQuality "1"]
[TimeControl "40/5400+30:1800+30"]

1. e4 {[%emt 0:00:59]} e6 {[%emt 0:00:00]} 2. Nf3 {[%emt 0:01:56]} d5 {[%emt 0:00:00]} 3. e5 {[%emt 0:00:04]} c5 {[%emt 0:00:00]} 4. b4 {[%emt 0:00:04]} cxb4 {[%emt 0:00:03]} 5. a3 {[%emt 0:00:04]} bxa3 {[%emt 0:01:16]} 6. c3 {[%emt 0:00:05]} Nc6 {[%emt 0:00:14]} 7. d4 {[%emt 0:00:04]} Nh6 {[%emt 0:03:44]} 8. Bd3 {[%emt 0:00:30]} Nf5 {[%emt 0:00:08]} 9. O-O {[%emt 0:00:07]} h5 {[%emt 0:02:11]} 10. Nxa3 {[%emt 0:02:29]} Be7 {[%emt 0:00:47]} 11. Re1 {[%emt 0:01:49]} a6 {[%emt 0:01:37]} 12. Bb2 {[%emt 0:12:08]} g6 {[%emt 0:02:34]} 13. Nc2 {[%emt 0:24:34]} Na5 {[%emt 0:04:58]} 14. Ne3 {[%emt 0:00:37]} b5 {[%emt 0:01:02]} 15. Bxf5 {[%emt 0:04:07]} gxf5 {[%emt 0:00:44]} 16. Nd2 {[%emt 0:03:03]} Bb7 {[%emt 0:09:45]} 17. Qf3 {[%emt 0:08:45]} Rb8 {[%emt 0:06:25]} 18. Qg3 {[%emt 0:04:39]} Kf8 {[%emt 0:04:20]} 19. Ba3 {[%emt 0:03:30]} Bxa3 {[%emt 0:00:25]} 20. Rxa3 {[%emt 0:00:02]} Nc4 {[%emt 0:02:49]} 21. Ra2 {[%emt 0:03:46]} Rg8 {[%emt 0:04:51]} 22. Qf4 {[%emt 0:05:46]} Qg5 {[%emt 0:00:12]} 23. Qxg5 {[%emt 0:00:05]} Rxg5 {[%emt 0:00:04]} 24. f4 {[%emt 0:00:59]} Rg8 {[%emt 0:00:27]} 25. Nb3 {[%emt 0:00:21]} Ke7 {[%emt 0:08:35]} 26. Nc5 {[%emt 0:01:48]} Rgc8 {[%emt 0:05:44]} 27. Kf2 {[%emt 0:03:38]} h4 {[%emt 0:09:30]} 28. Rb1 {[%emt 0:01:19]} Nxe3 {[%emt 0:00:53]} 29. Kxe3 {[%emt 0:00:05]} Rc6 {[%emt 0:00:20]} 30. Kd3 {[%emt 0:01:06]} Bc8 {[%emt 0:00:13]} 31. Kc2 {[%emt 0:01:20]} Kd8 {[%emt 0:01:22]} 32. Kb3 {[%emt 0:02:56]} Kc7 {[%emt 0:00:08]} 33. Kb4 {[%emt 0:00:10]} Kb6 {[%emt 0:01:40]} 34. Rf1 {[%emt 0:01:27]} Ra8 {[%emt 0:00:04]} 35. Ra5 {[%emt 0:00:05]} Bb7 {[%emt 0:00:12]} 36. Rf3 {[%emt 0:07:50]} Rg8 {[%emt 0:00:34]} 37. Ra2 {[%emt 0:00:07]} Rc7 {[%emt 0:00:36]} 38. Rff2 {[%emt 0:04:39]} Ra8 {[%emt 0:01:51]} 39. Ra5 {[%emt 0:00:05]} Rac8 {[%emt 0:00:33]} 40. Rfa2 {[%emt 0:02:04]} Rxc5 {[%emt 0:01:15]} 41. dxc5+ {[%emt 0:30:03]} Rxc5 {[%emt 0:30:09]} 42. g3 {[%emt 0:00:00]} Rc4+ {[%emt 0:00:00]} 43. Kb3 {[%emt 0:00:00]} d4 {[%emt 0:00:00]} 44. cxd4 {[%emt 0:00:00]} Rxd4 {[%emt 0:00:00]} 45. Kc3 {[%emt 0:00:00]} Rc4+ {[%emt 0:00:00]} 46. Kd3 {[%emt 0:00:00]} hxg3 {[%emt 0:00:00]} 47. hxg3 {[%emt 0:00:00]} Rc8 {[%emt 0:00:00]} 48. Ra1 {[%emt 0:00:00]} Rg8 {[%emt 0:00:00]} 49. Kd4 {[%emt 0:00:00]} Rxg3 {[%emt 0:00:00]} 50. R5a3 {[%emt 0:00:00]} Rg4 {[%emt 0:00:00]} 51. Rf1 {[%emt 0:00:00]} b4 {[%emt 0:00:00]} 52. Ra2 {[%emt 0:00:00]} a5 {[%emt 0:00:00]} 53. Rb2 {[%emt 0:00:00]} Bd5 {[%emt 0:00:00]} 54. Rh2 {[%emt 0:00:00]} Rg3 {[%emt 0:00:00]} 55. Rh8 {[%emt 0:00:00]} Rc3 {[%emt 0:00:00]} 56. Rb8+ {[%emt 0:00:00]} Bb7 {[%emt 0:00:00]} 57. Rf8 {[%emt 0:03:02]} Rc7 {[%emt 0:00:00]} 58. Rb1 {[%emt 0:01:18]} Rd7+ {[%emt 0:00:00]} 59. Ke3 {[%emt 0:01:27]} Kb5 {[%emt 0:00:00] Kd4 [%emt 00:01:46]} 0-1

[Event "105th British-ch 2018"]
[Site "Hull"]
[Date "2018.08.02"]
[Round "6"]
[White "Derakhshani, Borna"]
[Black "Toma, Katarzyna"]
[Result "0-1"]
[WhiteElo "2315"]
[BlackElo "2274"]
[Annotator "TA"]
[PlyCount "154"]
[EventDate "2018.07.28"]
[EventType "swiss"]
[EventCountry "GBR"]
[SourceTitle "playchess.com"]
[Source "ChessBase"]
[SourceQuality "1"]

{[%evp 10,154,0,5,3,-10,46,6,50,54,73,70,84,88,81,84,110,66,62,53,68,37,92,80,96,76,107,36,34,43,43,26,38,21,28,-18,-18,-22,-33,-75,-71,-73,-37,-37,0,0,25,0,0,0,0,0,0,-90,-93,-129,-74,-413,-208,-240,-234,-254,-64,-66,-67,-177,-165,-509,-497,-585,-577,-545,-255,-221,-189,-345,-176,-162,-175,-175,-172,-175,-165,-164,-97,-236,-237,-232,-207,-183,-184,-221,-221,-203,-204,-554,-510,-591,-368,-727,-668,-1607,-1535,-1439,-1314,-1487,-1428,-2859,-1191,-1080,-935,-1194,-1059,-1018,-979,-1806,-1671,-12841,-12841,-12841,-12842,-12842,-12843,-12843,-12842,-29981,-29982,-29985,-29982,-29982,-29983,-29984,-29985,-29985,-29986,-29986,-29986,-29986,-29987,-29989,-29988,-29988,-29989,-29989,-29990,-29990,-29991]} 1. d4 Nf6 2. Bf4 c5 3. e3 g6 (3... e6 4. Nd2 d5 5. Ngf3 Nc6 6. c3 Be7 7. h3 Bd6 8. dxc5 Bxc5 9. Bd3 O-O 10. O-O Bd6 11. Bxd6 Qxd6 12. e4 Rd8 13. Bc2 dxe4 14. Nxe4 Qe7 15. Qe2 {1-0 (67) So,W (2778)-Caruana,F (2816) Paris 2018}) 4. Nc3 Bg7 5. Nf3 O-O 6. Be2 {LiveBook: 3 Games. A45: Trompowsky Attack} d6 7. O-O Qa5 $146 ({Black should play} 7... Nh5 $11) ({Predecessor:} 7... Nbd7 8. h3 cxd4 9. exd4 Nh5 10. Bh2 e5 11. dxe5 dxe5 12. Qd6 Re8 13. Bc4 e4 14. Bxf7+ Kxf7 15. Qd5+ Kf6 16. Nxe4+ Rxe4 17. Qg5+ Kf7 18. Qxd8 {1-0 (18) Vallejo Nuno,J (2115)-Romero Fite,M (1876) Madrid 2018}) 8. Qe1 {White is slightly better.} Nc6 9. d5 Nb4 10. Qd2 Bd7 11. a3 Na6 12. e4 Rac8 13. Bh6 Rfd8 14. Bxg7 Kxg7 15. Nh4 c4 (15... Nc7 $14) 16. f4 $16 Qc5+ 17. Kh1 {aiming for e5.} Nc7 18. f5 (18. h3 $16) 18... Nb5 $1 $14 19. Nxb5 Qxb5 20. Qc3 Rf8 {[%cal Bd8f8,Bf8f7,Bf7f4][%mdl 32]} 21. fxg6 (21. Rad1 {with more complications.} Qc5 22. Rd4 b5 23. g4 h6 24. Nf3) 21... fxg6 22. Bf3 (22. a4 {feels hotter.} Qc5 23. Nf3 e5 24. dxe6 Bxe6 25. Rad1) 22... Kg8 23. Rae1 Rf7 24. e5 Nxd5 25. Qd4 e6 $1 26. exd6 Rf4 27. Qe5 Rcf8 28. Be2 Qc5 (28... Rxh4 $2 29. Rxf8+ Kxf8 30. g3 $18 (30. Qh8+ Kf7 $11)) 29. Rf3 b5 (29... Rxh4 $6 30. Rxf8+ Kxf8 31. Qh8+ Kf7 32. Qd8 $16 (32. Rf1+ Rf4 $14)) 30. Ref1 Rxf3 31. Nxf3 (31. Rxf3 $11 {keeps the balance.} Rxf3 32. Nxf3) 31... Rf5 $1 $17 {[%cal Rf5e5]} 32. Qd4 Ne3 (32... Qxd6 $6 33. Qxa7 Rf7 34. Rd1 $11) (32... Qxd4 $142 33. Nxd4 Rxf1+ 34. Bxf1 Kf7) 33. Qh4 $2 {[%mdl 8192]} (33. Qxc5 $17 Rxc5 34. Rc1) 33... Qxd6 (33... g5 $142 34. Nxg5 Rxg5) 34. Re1 Bc6 {Hoping for ...Rh5.} 35. Qf2 Ng4 $2 (35... Nxc2 $19 36. Rd1 Qc5 37. Qxc5 (37. Rd8+ $2 Kg7 $19) 37... Rxc5) 36. Qd4 $15 Qf4 $1 $40 {[%mdl 128] Black mounts an attack.} 37. h3 (37. Qxf4 $15 Rxf4 38. Kg1) 37... Ne3 $19 ({Stronger than} 37... Bxf3 38. Qxf4 Rxf4 39. Bxf3 $14) 38. Qd8+ $2 (38. Qxf4 {is a better chance.} Rxf4 39. Rc1) 38... Rf8 39. Qe7 Bd5 ({Weaker is} 39... Bxf3 40. Bxf3 Nxc2 41. Rxe6 $15) 40. Bf1 Nxf1 (40... Nxc2 $142 41. Rd1 Rf7) 41. Rxf1 Qe3 42. Qh4 $2 (42. Qd6) 42... Qe2 (42... Bxf3 $142 43. gxf3 Rxf3 44. Rxf3 Qxf3+ 45. Kh2 a6) 43. Rf2 Qd1+ 44. Ng1 {intending Rxf8+.} Rxf2 45. Qxf2 Qc1 46. c3 a5 ({Better is} 46... g5 $19 47. Kh2 Qf4+ 48. Qg3 Kf7) 47. Qf6 (47. h4 $17 {might work better.}) 47... Qxb2 {[%csl Gd5][%cal Rb2g2]} 48. Qd8+ Kf7 $1 {[%csl Gd5][%cal Rb2g2]} 49. Qc7+ Kf6 {[%csl Gd5][%cal Rb2g2]} 50. Qf4+ Kg7 {[%csl Gd5][%cal Rb2g2]} 51. Qe5+ Kh6 $1 {[%csl Gd5][%cal Rb2g2]} 52. Qf4+ $2 (52. Ne2 Qb1+ 53. Kh2) 52... g5 {[%csl Gd5][%cal Rb2g2]} 53. Qf6+ Kh5 {[%csl Gd5][%cal Rb2g2]} 54. Qf7+ $2 (54. Nf3 Qc1+ 55. Kh2 Qf4+ 56. Qxf4 gxf4 57. Nd4) 54... Kh4 {[%csl Gd5][%cal Rb2g2]} 55. Nf3+ {[#]} Kg3 $1 {[%csl Gg3][%cal Rb2g2]} ({Don't blunder} 55... Bxf3 $2 56. Qxf3 Qc1+ 57. Kh2 $18) 56. Qc7+ Kf2 57. Qc5+ Ke2 58. Ng1+ Kd1 (58... Kf1 $142 59. Ne2 Kxe2) 59. Qd4+ Kc1 {[%csl Gd5][%cal Rb2g2]} 60. Qe3+ Kb1 {[%csl Gd5][%cal Rb2g2]} 61. Ne2 Ka2 62. a4 bxa4 63. Nc1+ Kb1 {[%csl Gd5][%cal Rb2g2]} 64. Ne2 a3 65. Qg1+ {[#]} Kc2 $1 66. Nd4+ Kxc3 {( -> ...Qxg2+!)} 67. Qe3+ Kb4 {[%csl Gd5][%cal Rb2g2] Black mates.} 68. Ne2 c3 {[%cal Bc4c3,Bc3c2][%mdl 32]} 69. Qb6+ Kc4 70. Qd4+ Kb3 71. Qd1+ c2 72. Nc1+ Ka4 73. Qg4+ Qb4 74. Qe2 Qe4 75. Qd2 a2 76. Nxa2 Bxa2 77. Qd7+ Ka3 {Precision: White = 28%, Black = 42%.} 0-1

[Event "105th British-ch 2018"]
[Site "Hull"]
[Date "2018.08.02"]
[Round "6"]
[White "Kolbus, Dietmar"]
[Black "Moore, Graham J"]
[Result "1/2-1/2"]
[WhiteElo "2303"]
[BlackElo "2218"]
[Annotator "RC"]
[PlyCount "157"]
[EventDate "2018.07.28"]
[EventType "swiss"]
[EventCountry "GBR"]
[SourceTitle "playchess.com"]
[Source "ChessBase"]
[SourceQuality "1"]
[TimeControl "40/5400+30:1800+30"]

1. c4 {[%emt 0:00:00]} e5 {[%emt 0:00:00]} 2. g3 {[%emt 0:00:00]} Nf6 {[%emt 0:00:00]} 3. Bg2 {[%emt 0:00:00]} c6 {[%emt 0:00:52]} 4. Nf3 {[%emt 0:00:07]} e4 {[%emt 0:00:34]} 5. Nd4 {[%emt 0:00:04]} Qb6 {[%emt 0:00:31]} 6. Nc2 {[%emt 0:04:23]} d5 {[%emt 0:02:33]} 7. cxd5 {[%emt 0:00:13]} cxd5 {[%emt 0:00:12]} 8. O-O {[%emt 0:00:15]} Nc6 {[%emt 0:04:39]} 9. d3 {[%emt 0:01:39]} Bf5 {[%emt 0:05:35]} 10. Nc3 {[%emt 0:00:14]} O-O-O {[%emt 0:03:50]} 11. d4 {[%emt 0:08:20]} Be7 {[%emt 0:04:04]} 12. a3 {[%emt 0:00:58]} h5 {[%emt 0:02:37]} 13. Na4 {[%emt 0:10:38]} Qc7 {[%emt 0:07:51]} 14. Bf4 {[%emt 0:03:22]} Bd6 {[%emt 0:00:38]} 15. Bxd6 {[%emt 0:00:41]} Qxd6 {[%emt 0:00:06]} 16. Ne3 {[%emt 0:01:00]} Bg4 {[%emt 0:08:14]} 17. h3 {[%emt 0:15:10]} h4 {[%emt 0:18:10]} 18. Nxg4 {[%emt 0:05:44]} Nxg4 {[%emt 0:01:36]} 19. e3 {[%emt 0:00:24]} Nf6 {[%emt 0:00:22]} 20. g4 {[%emt 0:00:27]} Kb8 {[%emt 0:03:36]} 21. Nc3 {[%emt 0:03:53]} Na5 {[%emt 0:04:06]} 22. Qe2 {[%emt 0:01:36]} Rc8 {[%emt 0:01:46]} 23. Rac1 {[%emt 0:00:32]} Qe6 {[%emt 0:05:10]} 24. Nb1 {[%emt 0:03:11]} Nc4 {[%emt 0:01:53]} 25. Rc3 {[%emt 0:04:50]} Ne8 {[%emt 0:03:59]} 26. b3 {[%emt 0:01:02]} Ncd6 {[%emt 0:01:23]} 27. Rxc8+ {[%emt 0:00:56]} Qxc8 {[%emt 0:00:53]} 28. Qd2 {[%emt 0:00:26]} f5 {[%emt 0:01:09]} 29. gxf5 {[%emt 0:04:56]} Qxf5 {[%emt 0:00:27]} 30. Nc3 {[%emt 0:01:48]} Nf6 {[%emt 0:01:01]} 31. Kh2 {[%emt 0:03:34]} Rh6 {[%emt 0:00:42]} 32. f3 {[%emt 0:05:05]} Qg5 {[%emt 0:00:46]} 33. Qf2 {[%emt 0:00:47]} Nh5 {[%emt 0:03:59]} 34. fxe4 {[%emt 0:02:34]} Rf6 {[%emt 0:00:07]} 35. Qe1 {[%emt 0:00:16]} dxe4 {[%emt 0:02:11]} 36. Nxe4 {[%emt 0:07:51]} Nxe4 {[%emt 0:01:04]} 37. Bxe4 {[%emt 0:00:03]} Ng3 {[%emt 0:02:09]} 38. Rxf6 {[%emt 0:00:39]} Qxf6 {[%emt 0:00:18]} 39. Bg2 {[%emt 0:02:54]} Qd6 {[%emt 0:00:17]} 40. a4 {[%emt 0:02:21]} Nf5+ {[%emt 0:04:05]} 41. Kg1 {[%emt 0:33:30]} Qg3 {[%emt 0:30:06]} 42. Qf2 {[%emt 0:00:00]} Qxe3 {[%emt 0:00:00]} 43. Qxe3 {[%emt 0:00:00]} Nxe3 {[%emt 0:00:00]} 44. Be4 {[%emt 0:00:00]} Nd1 {[%emt 0:00:00]} 45. Bf3 {[%emt 0:00:00]} Ne3 {[%emt 0:00:00]} 46. Be4 {[%emt 0:00:00]} Nd1 {[%emt 0:00:00]} 47. Kf1 {[%emt 0:00:00]} Nc3 {[%emt 0:00:00]} 48. Bf3 {[%emt 0:00:00]} b5 {[%emt 0:00:00]} 49. a5 {[%emt 0:00:00]} b4 {[%emt 0:00:00]} 50. Kf2 {[%emt 0:00:00]} Nb5 {[%emt 0:00:00]} 51. Ke3 {[%emt 0:00:00]} Kc7 {[%emt 0:00:00]} 52. Be2 {[%emt 0:00:00]} Nd6 {[%emt 0:00:00]} 53. Bf3 {[%emt 0:00:00]} Kd7 {[%emt 0:00:00]} 54. Kf4 {[%emt 0:00:00]} Ke6 {[%emt 0:00:00]} 55. Kg5 {[%emt 0:00:00]} Nb5 {[%emt 0:00:00]} 56. d5+ {[%emt 0:00:00]} Ke5 {[%emt 0:00:00]} 57. Kxh4 {[%emt 0:00:20]} Kf4 {[%emt 0:00:00]} 58. Be2 {[%emt 0:01:29]} Nd4 {[%emt 0:00:00]} 59. Bg4 {[%emt 0:05:08]} Nxb3 {[%emt 0:00:00]} 60. d6 {[%emt 0:00:09]} Nxa5 {[%emt 0:00:00]} 61. d7 {[%emt 0:00:10]} Nc6 {[%emt 0:00:00]} 62. Bd1 {[%emt 0:00:37]} Kf5 {[%emt 0:00:00]} 63. Ba4 {[%emt 0:00:14]} Nd8 {[%emt 0:00:00]} 64. Kh5 {[%emt 0:00:58]} Kf6 {[%emt 0:01:05]} 65. h4 {[%emt 0:00:49]} a5 {[%emt 0:03:29]} 66. Kg4 {[%emt 0:00:30]} Ke7 {[%emt 0:00:21]} 67. Kf5 {[%emt 0:00:20]} Ne6 {[%emt 0:01:27]} 68. Kg6 {[%emt 0:00:28]} Nd4 {[%emt 0:02:09]} 69. h5 {[%emt 0:00:25]} b3 {[%emt 0:03:11]} 70. Bxb3 {[%emt 0:00:29]} Nxb3 {[%emt 0:00:05]} 71. Kxg7 {[%emt 0:00:08]} Nd4 {[%emt 0:00:28]} 72. d8=Q+ {[%emt 0:01:48]} Kxd8 {[%emt 0:00:05]} 73. Kf6 {[%emt 0:00:03]} Nf5 {[%emt 0:05:36]} 74. Kxf5 {[%emt 0:00:19]} Ke8 {[%emt 0:00:06]} 75. Ke4 {[%emt 0:01:00]} Kf8 {[%emt 0:00:12]} 76. Kd3 {[%emt 0:00:07]} Kg7 {[%emt 0:00:05]} 77. Kc4 {[%emt 0:00:04]} Kh6 {[%emt 0:00:04]} 78. Kb5 {[%emt 0:00:03]} Kxh5 {[%emt 0:00:03]} 79. Kxa5 {[%emt 0:00:08]} 1/2-1/2

[Event "105th British-ch 2018"]
[Site "Hull"]
[Date "2018.08.02"]
[Round "6"]
[White "Muir, Andrew Joseph"]
[Black "Young"]
[Result "0-1"]
[WhiteElo "2291"]
[BlackElo "1962"]
[Annotator "NA"]
[PlyCount "68"]
[EventDate "2018.07.28"]
[EventType "swiss"]
[EventCountry "GBR"]
[SourceTitle "playchess.com"]
[Source "ChessBase"]
[SourceQuality "1"]
[TimeControl "40/5400+30:1800+30"]

1. d4 {[%emt 0:00:00]} d5 {[%emt 0:00:00]} 2. c4 {[%emt 0:00:00]} c6 {[%emt 0:00:00]} 3. Nf3 {[%emt 0:00:00]} Nf6 {[%emt 0:00:00]} 4. Nc3 {[%emt 0:00:00]} e6 {[%emt 0:00:09]} 5. Bg5 {[%emt 0:00:18]} dxc4 {[%emt 0:00:09]} 6. e4 {[%emt 0:00:21]} b5 {[%emt 0:00:09]} 7. e5 {[%emt 0:00:09]} h6 {[%emt 0:00:10]} 8. Bh4 {[%emt 0:00:06]} g5 {[%emt 0:00:12]} 9. Nxg5 {[%emt 0:00:08]} hxg5 {[%emt 0:00:08]} 10. Bxg5 {[%emt 0:00:04]} Nbd7 {[%emt 0:00:35]} 11. g3 {[%emt 0:00:17]} Qb6 {[%emt 0:01:23]} 12. exf6 {[%emt 0:00:20]} Bb7 {[%emt 0:00:11]} 13. Bg2 {[%emt 0:00:22]} c5 {[%emt 0:00:29]} 14. d5 {[%emt 0:00:29]} O-O-O {[%emt 0:00:21]} 15. O-O {[%emt 0:00:16]} b4 {[%emt 0:00:09]} 16. Na4 {[%emt 0:01:17]} Qb5 {[%emt 0:00:15]} 17. a3 {[%emt 0:01:21]} Nb8 {[%emt 0:00:20]} 18. axb4 {[%emt 0:02:30]} cxb4 {[%emt 0:00:12]} 19. Qg4 {[%emt 0:46:02]} Bxd5 {[%emt 0:01:29]} 20. Rfc1 {[%emt 0:05:23]} Nc6 {[%emt 0:02:34]} 21. Bxd5 {[%emt 0:02:16]} Rxd5 {[%emt 0:00:16]} 22. Qxc4 {[%emt 0:06:41]} Rd1+ {[%emt 0:00:51]} 23. Rxd1 {[%emt 0:04:07]} Qxc4 {[%emt 0:00:13]} 24. Be3 {[%emt 0:00:30]} Qg4 {[%emt 0:15:47]} 25. Rac1 {[%emt 0:04:27]} Kb8 {[%emt 0:07:58]} 26. Rd2 {[%emt 0:15:24]} Qh5 {[%emt 0:36:53]} 27. f4 {[%emt 0:08:35]} Qf3 {[%emt 0:03:28]} 28. Bf2 {[%emt 0:00:03]} Bh6 {[%emt 0:03:13]} 29. Rd7 {[%emt 0:01:22]} Bxf4 {[%emt 0:01:31]} 30. Rc5 {[%emt 0:01:32]} Be3 {[%emt 0:03:29]} 31. Rc2 {[%emt 0:00:32]} Nd4 {[%emt 0:02:14]} 32. Rxd4 {[%emt 0:00:10]} Bxd4 {[%emt 0:00:09]} 33. Bxd4 {[%emt 0:00:08]} Qd1+ {[%emt 0:00:07]} 34. Kg2 {[%emt 0:00:03]} Qxc2+ {[%emt 0:00:09]} 0-1

[Event "105th British-ch 2018"]
[Site "Hull"]
[Date "2018.08.02"]
[Round "6"]
[White "Abdulla, Murad"]
[Black "Maroroa, Sue Yuchan"]
[Result "0-1"]
[WhiteElo "2281"]
[BlackElo "2104"]
[Annotator "NA RC"]
[PlyCount "82"]
[EventDate "2018.07.28"]
[EventType "swiss"]
[EventCountry "GBR"]
[SourceTitle "playchess.com"]
[Source "ChessBase"]
[SourceQuality "1"]
[TimeControl "40/5400+30:1800+30"]

1. e4 {[%emt 0:02:33]} e5 {[%emt 0:00:00]} 2. Nf3 {[%emt 0:00:20]} Nc6 {[%emt 0:00:00]} 3. Bb5 {[%emt 0:00:26]} a6 {[%emt 0:00:00]} 4. Ba4 {[%emt 0:00:10]} Nf6 {[%emt 0:00:07]} 5. d3 {[%emt 0:00:16]} d6 {[%emt 0:00:14]} 6. c4 {[%emt 0:01:07]} g6 {[%emt 0:01:40]} 7. Nc3 {[%emt 0:03:00]} Bg7 {[%emt 0:00:23]} 8. h3 {[%emt 0:03:01]} h6 {[%emt 0:00:39]} 9. Be3 {[%emt 0:01:16]} O-O {[%emt 0:02:20]} 10. Qd2 {[%emt 0:01:08]} Kh7 {[%emt 0:00:25]} 11. a3 {[%emt 0:02:19]} Nd7 {[%emt 0:01:13]} 12. Bxc6 {[%emt 0:09:11]} bxc6 {[%emt 0:01:54]} 13. d4 {[%emt 0:01:23]} exd4 {[%emt 0:10:08]} 14. Nxd4 {[%emt 0:05:02]} Ne5 {[%emt 0:03:40]} 15. b3 {[%emt 0:02:39]} c5 {[%emt 0:08:27]} 16. Nde2 {[%emt 0:00:32]} Rb8 {[%emt 0:03:11]} 17. Rb1 {[%emt 0:08:43]} f5 {[%emt 0:03:55]} 18. f4 {[%emt 0:04:28]} Nc6 {[%emt 0:11:14]} 19. e5 {[%emt 0:01:43]} Re8 {[%emt 0:09:56]} 20. exd6 {[%emt 0:07:26]} cxd6 {[%emt 0:04:03]} 21. Nd5 {[%emt 0:07:52]} Nd4 {[%emt 0:04:05]} 22. O-O {[%emt 0:12:20]} Nxe2+ {[%emt 0:03:14]} 23. Qxe2 {[%emt 0:00:07]} Bb7 {[%emt 0:00:30]} 24. Rf3 {[%emt 0:04:43]} Bxd5 {[%emt 0:04:17]} 25. cxd5 {[%emt 0:00:13]} Qa5 {[%emt 0:00:31]} 26. Qd3 {[%emt 0:08:00]} Qxa3 {[%emt 0:03:40]} 27. Bf2 {[%emt 0:05:07]} Re4 {[%emt 0:03:01]} 28. Qc2 {[%emt 0:01:46]} Qb4 {[%emt 0:01:39]} 29. Qa2 {[%emt 0:02:31]} a5 {[%emt 0:02:44]} 30. Rd1 {[%emt 0:00:32]} Rbe8 {[%emt 0:04:40]} 31. Rd2 {[%emt 0:00:51]} Bc3 {[%emt 0:06:38]} 32. Rdd3 {[%emt 0:00:58]} Bg7 {[%emt 0:02:34]} 33. Rd2 {[%emt 0:00:29]} h5 {[%emt 0:02:53]} 34. Kh1 {[%emt 0:01:52]} Bc3 {[%emt 0:01:44]} 35. Rc2 {[%emt 0:00:51]} Re1+ {[%emt 0:00:38]} 36. Bxe1 {[%emt 0:01:18]} Rxe1+ {[%emt 0:00:02]} 37. Kh2 {[%emt 0:00:01]} Ra1 {[%emt 0:00:13]} 38. Qxa1 {[%emt 0:00:11]} Bxa1 {[%emt 0:00:02]} 39. Re2 {[%emt 0:00:06]} Bd4 {[%emt 0:01:27]} 40. Re7+ {[%emt 0:00:26]} Kh6 {[%emt 0:00:22]} 41. Re6 {[%emt 0:30:28]} h4 {[%emt 0:30:56]} 0-1